Ajuste y empleo : notas sobre la precarización del empleo asalariado (Record no. 128925)

MARC details
000 -CABECERA
campo de control de longitud fija 00497nab a2200181 a 4500
005 - FECHA Y HORA DE LA ÚLTIMA TRANSACCIÓN
campo de control 20210219160020.0
008 - ELEMENTOS DE LONGITUD FIJA--INFORMACIÓN GENERAL
campo de control de longitud fija 991125s1985 mx 000 0 spa u
035 ## - NÚMERO DE CONTROL DEL SISTEMA
Número de control de sistema UPN01000156811
100 1# - ASIENTO PRINCIPAL--NOMBRE PERSONAL
Nombre de persona Mora Salas, Minor
222 ## - TÍTULO CLAVE
Título clave REVISTA DE CIENCIAS SOCIALES
245 ## - MENCIÓN DE TÍTULO
Título Ajuste y empleo : notas sobre la precarización del empleo asalariado
260 ## - PUBLICACIÓN, DISTRIBUCIÓN, ETC.
Lugar de publicación, distribución, etc. Costa Rica
300 ## - DESCRIPCIÓN FÍSICA
Extensión 27-39
362 0# - FECHAS DE PUBLICACIÓN Y/O DESIGNACIÓN SECUENCIAL
Fecha de publicación y/o designación secuencial 2005 No. 108 (2)
653 0# - TERMINO DE INDIZACION - NO CONTROLADO
Término no controlado EMPLEO
653 0# - TERMINO DE INDIZACION - NO CONTROLADO
Término no controlado MERCADO LABORAL
905 ## - TIPO DE MATERIAL
Tipo de material Articulo

No items available.